Структура социальных представлений молодежи о профессиональной деятельности (Запись № 10266143)
[ простой вид ]
| 000 -МАРКЕР | |
|---|---|
| контрольное поле | 02220nam0a2200385 i 4500 |
| 001 - ИДЕНТИФИКАТОР ЗАПИСИ | |
| контрольное поле | RU\NLR\BIBL_A\010826369 |
| 005 - ИДЕНТИФИКАТОР ВЕРСИИ | |
| контрольное поле | 20240921130112.0 |
| 010 ## - МЕЖДУНАРОДНЫЙ СТАНДАРТНЫЙ НОМЕР КНИГИ (ISBN) | |
| Номер (ISBN) | 9785906768902 |
| Тираж | 500 |
| 021 ## - НОМЕР ГОСУДАРСТВЕННОЙ РЕГИСТРАЦИИ | |
| Код страны | российская федерация |
| Номер | 2015-52816 |
| Номер Листа государственной регистраци | 3121 |
| 035 ## - ДРУГИЕ СИСТЕМНЫЕ НОМЕРА | |
| Идентификатор записи | (NILC)RuMoRGB-007980148 |
| 035 ## - ДРУГИЕ СИСТЕМНЫЕ НОМЕРА | |
| Идентификатор записи | (NLR Aleph) 010826369 |
| 100 ## - ДАННЫЕ ОБЩЕЙ ОБРАБОТКИ | |
| Данные общей обработки | 20150828d2015 km y0rusy50 ca |
| 101 0# - ЯЗЫК РЕСУРСА | |
| Язык текста, звукозаписи и т.д. | русский |
| 102 ## - СТРАНА ПУБЛИКАЦИИ ИЛИ ПРОИЗВОДСТВА | |
| Страна публикации | российская федерация |
| 105 ## - ПОЛЕ КОДИРОВАННЫХ ДАННЫХ: ТЕКСТОВЫЕ МАТЕРИАЛЫ, МОНОГРАФИЧЕСКИЕ | |
| Кодированные данные о монографическом текстовом документе | a z 000yy |
| 200 1# - ЗАГЛАВИЕ И СВЕДЕНИЯ ОБ ОТВЕТСТВЕННОСТИ | |
| Основное заглавие | Структура социальных представлений молодежи о профессиональной деятельности |
| Сведения, относящиеся к заглавию | монография |
| Первые сведения об ответственности | Г. В. Довжик, Р. В. Мартышкин, Г. Н. Мишина, Л. В. Попова |
| Последующие сведения об ответственности | М-во образования и науки Рос. Федерации (Минобрнауки РФ), Федер. гос. бюджет. образоват. учреждение высш. проф. образования "Гос. ун-т упр." |
| 210 ## - ПУБЛИКАЦИЯ, РАСПРОСТРАНЕНИЕ И ДР. | |
| Место издания, распространения и т.д. | Москва |
| Имя издателя, распространителя и т. д. | Изд-во Московского гуманитарного университета |
| Дата издания, распространения и т.д. | 2015 |
| 215 ## - ФИЗИЧЕСКАЯ ХАРАКТЕРИСТИКА | |
| Специфическое обозначение материала и объем | 94 с. |
| Другие сведения о физической характеристике | ил., табл. |
| Размеры | 21 |
| 320 ## - ПРИМЕЧАНИЯ О НАЛИЧИИ В ДОКУМЕНТЕ БИБЛИОГРАФИИ / УКАЗАТЕЛЯ | |
| Текст примечания | Библиогр.: с. 92-94 (49 назв.) |
| 606 1# - НАИМЕНОВАНИЕ ТЕМЫ КАК ПРЕДМЕТ | |
| Наименование темы | Молодежь |
| Тематический подзаголовок | Профессиональная ориентация |
| -- | Социологические исследования |
| Системный номер авторитетной/нормативной записи | 1550076 |
| Идентификатор авторитетной/нормативной записи | RU\NLR\AUTH\66676865 |
| 610 0# - НЕКОНТРОЛИРУЕМЫЕ ПРЕДМЕТНЫЕ ТЕРМИНЫ | |
| Предметный термин | труд |
| 610 0# - НЕКОНТРОЛИРУЕМЫЕ ПРЕДМЕТНЫЕ ТЕРМИНЫ | |
| Предметный термин | профессиональная деятельность |
| 610 0# - НЕКОНТРОЛИРУЕМЫЕ ПРЕДМЕТНЫЕ ТЕРМИНЫ | |
| Предметный термин | молодежь |
| 686 1# - ИНДЕКСЫ ДРУГИХ КЛАССИФИКАЦИЙ | |
| Индекс | С550.325.1 |
| 686 1# - ИНДЕКСЫ ДРУГИХ КЛАССИФИКАЦИЙ | |
| Индекс | Ю941.19 |
| 701 #1 - ИМЯ ЛИЦА - АЛЬТЕРНАТИВНАЯ ОТВЕТСТВЕННОСТЬ | |
| Начальный элемент ввода | Довжик |
| Часть имени, кроме начального элемента ввода | Г. В. |
| Дополнения к именам, кроме дат | канд. психол. наук |
| Расширение инициалов личного имени | Галина Владимировна |
| Системный номер авторитетной/нормативной записи | 151145 |
| Идентификатор авторитетной/нормативной записи | RU\NLR\AUTH\770151183 |
| 701 #1 - ИМЯ ЛИЦА - АЛЬТЕРНАТИВНАЯ ОТВЕТСТВЕННОСТЬ | |
| Начальный элемент ввода | Мартышкин |
| Часть имени, кроме начального элемента ввода | Р.В. |
| Расширение инициалов личного имени | Роман Викторович |
| 701 #1 - ИМЯ ЛИЦА - АЛЬТЕРНАТИВНАЯ ОТВЕТСТВЕННОСТЬ | |
| Начальный элемент ввода | Мишина |
| Часть имени, кроме начального элемента ввода | Г. Н. |
| Дополнения к именам, кроме дат | канд. социол. наук |
| Расширение инициалов личного имени | Галина Николаевна |
| Системный номер авторитетной/нормативной записи | 134033 |
| Идентификатор авторитетной/нормативной записи | RU\NLR\AUTH\770134067 |
| 701 #1 - ИМЯ ЛИЦА - АЛЬТЕРНАТИВНАЯ ОТВЕТСТВЕННОСТЬ | |
| Начальный элемент ввода | Попова |
| Часть имени, кроме начального элемента ввода | Л. В. |
| Дополнения к именам, кроме дат | канд. психол. наук, социальная психология |
| Расширение инициалов личного имени | Людмила Валентиновна |
| Системный номер авторитетной/нормативной записи | 151150 |
| Идентификатор авторитетной/нормативной записи | RU\NLR\AUTH\770151188 |
| 801 #0 - ИСТОЧНИК ЗАПИСИ | |
| Страна | российская федерация |
| Организация | РГБ |
| Дата составления | 20150721 |
| Правила каталогизации | RCR |
| 942 ## - ДОПОЛНИТЕЛЬНЫЕ ЭЛЕМЕНТЫ ЗАПИСИ (АБИС) | |
| Тип экземпляра АБИС | Книга |
| 980 ## - КОЛЛЕКЦИЯ | |
| Название коллекции | НБР |
Нет доступных экземпляров.